Príkazná zmluva - zmluva o obstaraní zájazdu bakalárska práca

Gespeichert in:
Bibliographische Detailangaben
1. Verfasser: Záhorská, Zuzana
Körperschaft: Obchodná fakulta EU. Katedra obchodného práva
Weitere Verfasser: Vačoková, Lenka, 1983-
Format: Buch
Sprache:Slowakisch
Veröffentlicht: Bratislava 2011
Tags: Tag hinzufügen
Keine Tags, Fügen Sie das erste Tag hinzu!

MARC

LEADER 00000nbm a2200000 4500
001 0132017
005 20161109111426.4
041 0 |a slo 
044 |a SK 
245 1 0 |a Príkazná zmluva - zmluva o obstaraní zájazdu  |b bakalárska práca  |c Zuzana Záhorská ; školiteľ: Lenka Vačoková 
264 1 |a Bratislava  |c 2011 
300 |a 49 s. 
100 1 |a Záhorská, Zuzana 
700 1 |a Vačoková, Lenka, 1983- 
710 2 |a Obchodná fakulta EU. Katedra obchodného práva